| 000 | 00397nam a2200157Ia 4500 | ||
|---|---|---|---|
| 003 | OSt | ||
| 005 | 20230606111347.0 | ||
| 008 | 211028s2010 xx 000 0 und d | ||
| 040 | _cAIMIT LIBRARY | ||
| 041 | _aeng | ||
| 100 |
_aThrupti, N S; Hemalatha, N. _98250 _e081921 |
||
| 110 |
_aHemalatha N _98251 |
||
| 245 | _aZP action plan automation. | ||
| 260 |
_aMangalore _c2010 |
||
| 942 |
_2ddc _cPRO |
||
| 999 |
_c219794 _d219794 |
||